Daft Punk - Teachers - Statistiques

Statistiques générales
  • Ce quiz a été pris 13 fois
  • Le résultat moyen est 4 sur 43
Statistiques - réponses
Ariste % Correct
Dr. Dre (is in the house, yeah)
70%
DJ Funk
50%
DJ Pierre
50%
Paul Johnson
30%
DJ Sneak
20%
George Clinton
20%
Hyperactive
20%
Brian Wilson
10%
DJ Hell
10%
DJ Rush
10%
DJ Skull
10%
Green Velvet
10%
Jammin Gerald
10%
Jeff Mills (is in the house)
10%
Lil Louis
10%
Louie Vega
10%
Romanthony (in the house)
10%
Todd Edwards (in the house)
10%
Wax Master
10%
Armando (in the house)
0%
Armani (in the house)
0%
Ashley Beedle
0%
Boo Williams
0%
CVO (in the house)
0%
Dave Clarke (is in the house)
0%
Derrick Carter
0%
DJ Deeon
0%
DJ ESP
0%
DJ Milton
0%
DJ Slugo (DJs on the low)
0%
DJ Tonka
0%
Gemini (is in the house)
0%
Joey Beltram
0%
K-Alexi
0%
Kenny Dope
0%
Luke Slater
0%
Mike Dearborn (in the house, yeah)
0%
Neil Landstrumm
0%
Parris Mitchell
0%
Robert Hood
0%
Roy Davis
0%
Surgeon (is in the house, yeah)
0%
Van Helden (in the house)
0%
Aucun quiz correspondant
Distribution des résultats
% des personnes avec chaque résultat
Percentile par nombre de réponses
Votre historique - résultats
Vous n’avez pas pris ce quiz